Normal view
MARC view
- تاليف Young، Cuyler؛ تحرير ينج، كويلر؛ ترجمة أيوب، عبد الرحمن محمد؛ مراجعة عفيفى، أبو العلا، مراجعة الصياد، محمد محمود
Entry Personal Name
001 - CONTROL NUMBER
- control field: 35959
003 - CONTROL NUMBER IDENTIFIER
- control field: JO-AjAnu
005 - DATE AND TIME OF LATEST TRANSACTION
- control field: 20230606080016.0
008 - FIXED-LENGTH DATA ELEMENTS
- fixed length control field: 230606|| aca||aabn | a|a d
040 ## - CATALOGING SOURCE
- Original cataloging agency: JO-AjAnu
- Transcribing agency: JO-AjAnu
100 ## - HEADING--PERSONAL NAME
- Personal name: تاليف Young، Cuyler؛ تحرير ينج، كويلر؛ ترجمة أيوب، عبد الرحمن محمد؛ مراجعة عفيفى، أبو العلا، مراجعة الصياد، محمد محمود
670 ## - SOURCE DATA FOUND
- Source citation: Work cat.: (JO-AjAnu)18464: تاليف Young، Cuyler؛ تحرير ينج، كويلر؛ ترجمة أيوب، عبد الرحمن محمد؛ مراجعة عفيفى، أبو العلا، مراجعة الصياد، محمد محمود, author, الشرق الادنى: مجتمعه وثقافته